000
00455nam a2200157Ia 4500
008
090711s9999 xx 000 0 und d
082
_b
79454
100
_a
कणेकर शिरीष
245
_a
ते साठ दिवस
300
_a
113
600
_a
कणेकर शिरीष
630
_a
ते साठ दिवस
700
_a
कणेकर शिरीष
730
_a
ते साठ दिवस
942
_c
BOOK
999
_c
312131
_d
312131